000 00394nam a2200193Ia 4500
003 IT-RoPAU
008 120407s9999 xx 000 0 und d
040 _aIT-RoPAU
040 _cIT-RoPAU
041 _aita
100 _aGabriele D’Annunzio
245 _aL’nnocente
260 _aIl Vittoriale
260 _c1939
300 _c cm
490 _v1
942 _cBK
999 _c14089
_d14089